Theory and world politics (Record no. 503)

MARC details
000 -LEADER
fixed length control field 00550nam a2200145 a 4500
008 - FIXED-LENGTH DATA ELEMENTS--GENERAL INFORMATION
fixed length control field 120926s1972 ||||||||||||||||| || u
020 ## - INTERNATIONAL STANDARD BOOK NUMBER
International Standard Book Number 0043200869
050 ## - LIBRARY OF CONGRESS CALL NUMBER
Classification number JX 1291 lie
100 ## - MAIN ENTRY--PERSONAL NAME
Personal name Lieber, Robert J
245 10 - TITLE STATEMENT
Title Theory and world politics
Statement of responsibility, etc. by Robert J. Lieber
260 ## - PUBLICATION, DISTRIBUTION, ETC.
Place of publication, distribution, etc. Cambridge:
Name of publisher, distributor, etc. Winthrop Publishers
Date of publication, distribution, etc. 1972
300 ## - PHYSICAL DESCRIPTION
Extent ix, 166p.: ill.
650 ## - SUBJECT ADDED ENTRY--TOPICAL TERM
Topical term or geographic name entry element INTERNATIONAL RELATIONS--RESERCH
995 ## -
-- SPECIAL COLLECTIONS
-- 500111
-- CBU-DAG HAMMARSKJOLD INSTITUTE LIBRARY
-- DAG JX 1291 Lie
-- 1
-- AVAILABLE
-- Oct 25, 2012
-- 500111
-- DHIPS Book Collection
999 ## -
-- 503
-- 503
Holdings
Withdrawn status Lost status Source of classification or shelving scheme Damaged status Not for loan Permanent Location Current Location Shelving location Date acquired Total Checkouts Full call number Barcode Date last seen Price effective from Koha item type
          CBU-DAG HAMMARSKJOLD INSTITUTE CBU-DAG HAMMARSKJOLD INSTITUTE   11/28/2022   JX 1291 lie 500111 11/28/2022 11/28/2022 MONOGRAPH